Champion du monde ayant joué au PSG - Statistiques

Statistiques générales
  • Ce quiz a été pris 89 fois
    40 depuis la dernière actualisation
  • Le résultat moyen est 13 sur 20
Statistiques - réponses
Coupe du monde Poste Joueur Nationalité % Correct
2018 Gardien Alphonse Areola Français
95%
2018 Attaquant Kylian Mbappé Français
95%
2022 Attaquant Lionel Messi Argentin
92%
2022 Attaquant Angel Di Maria Argentin
89%
2006 Gardien Gianluigi Buffon Italien
89%
2018 Défenseur Presnel Kimpembe Français
89%
2018 Défenseur Lucas Hernandez Français
84%
2018 Attaquant Ousmane Dembélé Français
84%
2018 Milieu Blaise Matuidi Français
82%
2010 Défenseur Sergio Ramos Espagnol
82%
2014 Milieu Julian Draxler Allemand
76%
2022 Milieu Leandro Paredes Argentin
76%
2002 Milieu Ronaldinho Brésilien
76%
1998 Gardien Bernard Lama Français
68%
1994 Milieu Rai Brésilien
61%
1998 Attaquant Youri Djorkaeff Français
37%
1994 Défenseur Leonardo Brésilien
21%
2002 Milieu Vampeta Brésilien
11%
1978 Milieu Osvaldo Ardiles Argentin
5%
1970 Défenseur Joel Camargo Brésilien
3%
Aucun quiz correspondant
Distribution des résultats
% des personnes avec chaque résultat
Percentile par nombre de réponses
Votre historique - résultats
Vous n’avez pas pris ce quiz depuis la dernière actualisation